Técnicas de patronaje de moda : cómo realizar camisas, lencería, vestidos y trajes, chalecos y chaquetas masculinas : mujer, hombre /

Shranjeno v:
Bibliografske podrobnosti
Glavni avtor: Donnanno, Antonio (autor)
Drugi avtorji: Drudi, Elisabetta (ilustración) (ilustración), Cos Pinto, Jesús de (traducción) (traducción)
Format: Knjiga
Jezik:španščina
Izdano: Barcelona, España : Promopress, 2016, c2016
Serija:(Biblioteca Promopress de la Moda)
Teme:
Oznake: Označite
Brez oznak, prvi označite!

MARC

LEADER 00000nam^a2200000^a^4500
001 000392527
005 20250521000000.0
009 20260310121245.187
020 |a 978-84-15967-69-9 
037 |a Acervo ITESO - Biblioteca 
041 |a ESP 
082 |a 746. 9202  |b DON S. 1 V. 2 
100 |a Donnanno, Antonio  |e (autor) 
240 1 1 |a [Técnicas de patronaje de moda] 
245 1 0 |a Técnicas de patronaje de moda :  |b cómo realizar camisas, lencería, vestidos y trajes, chalecos y chaquetas masculinas : mujer, hombre /  |c A. Donnanno ; il. de E. Drudi ; tr. por J. de Cos Pinto. 
264 4 |a Barcelona, España :  |b Promopress,  |c 2016, c2016 
300 |a 255 p. 
336 |a texto  |b txt  |2 rdacontenido 
337 |a sin mediación  |b n  |2 rdamedio 
338 |a volumen  |b nc  |2 rdasoporte 
440 1 |a (Biblioteca Promopress de la Moda) 
500 |a Traducción de: La tecnica dei modelli: donna-uomo Volume 2 
521 |a 2017 BO Licenciatura en Diseño de Indumentaria y Moda 
649 |a XX 
650 |a Vestido 
650 |a Lencería y Corsetería 
650 |a Ropa Interior 
650 |a Patrones (Moda) -  |x Tema Principal 
650 |a Ilustración (Diseño) 
650 |a Dibujo Técnico 
650 |a Diseño de Moda 
650 |a Moda 
700 |a Drudi, Elisabetta  |e (ilustración) 
700 |a Cos Pinto, Jesús de  |e (traducción) 
910 |a Fondo General 
920 |a Impresos - Libros 
930 |a Reserva Especial 
905 |a 103 
901 |a 0500287160  |b IT1  |c REE  |i C154803  |u 20250521 
902 |a https://opac.biblio.iteso.mx/vufind/Record/000392527